Učitavanje...
Ithihasa puranaswadheenam sahithyathil
| Glavni autor: | |
|---|---|
| Format: | Printed Book |
| Izdano: |
Thiruvananthapuram
Darpan Books
1991
|
| LEADER | 00387nam a22001097a 4500 | ||
|---|---|---|---|
| 082 | |a 891.409 |b REG.I | ||
| 100 | |a Raghukumar, G | ||
| 245 | |a Ithihasa puranaswadheenam sahithyathil | ||
| 260 | |a Thiruvananthapuram |b Darpan Books |c 1991 | ||
| 942 | |c BK | ||
| 999 | |c 16860 |d 16860 | ||
| 952 | |0 0 |1 0 |4 0 |6 891_409000000000000_REG_I |7 0 |9 19226 |a CAMPUS |b CAMPUS |d 2017-08-31 |l 0 |o 891.409 REG.I |p 05230 |r 2017-08-31 |w 2017-08-31 |y BK | ||